00661nam a2200205Ia 4500003000900000008004100009020001500050040001600065080002000081245008000101260003400181300001000215650004100225650001600266650002100282700003400303942000700337999001500344952009600359IN-BaIIA211028s9999 xx 000 0 eng d a900414-030 cIIA Library a77(058)bBJP-72 4aThe British journal of photography annual 1972cedited by Geoffery Crawley aLondonbHenry Greenwoodc1972 a232p. aAstronomy and astrophysics thesaurus aPhotography aYear books93953 aCrawley, Geoffrey., ed.96931 cBK c3894d3894 00104070aBANbBANcGENd1972-04-18l0o77(058)/ BJP-72p4349r2021-11-05w1972-04-18yBK